Ruhrgebiets-Quiz A-Z - Statistiken

Allgemein
  • Dieses Quiz wurde 331 mal gespielt
  • Das Durchschnittsergebnis liegt bei 15 aus 26
Antwortstatistiken
Antwort % Korrekt
O Stadt, welche das Einkaufszentrum Centro beheimatet Oberhausen
89%
K Veredeltes Kohleprodukt, welches als Brennstoff in der Stahlindustrie verwendet wird. Auch Name für ein Rauschmittel Koks
83%
Z Bezeichnung für ein Bergwerk im Ruhrgebiet Zeche
83%
B Produkt, welches von Stauder, Moritz Fiege und DAB produziert wird Bier
81%
T Stahlkonzern mit Sitz in Essen ThyssenKrupp
78%
U Stadt am östlichen Rand des Ruhrgebiets Unna
76%
D Lüdenscheid-Nord Dortmund
74%
G Herne-West (Die ganze Stadt) Gelsenkirchen
72%
C Stadtteil von Herne, in dem die größte Kirmes NRWs stattfindet Crange
71%
Q Die #Q der Ruhr befindet sich bei Winterberg im Sauerland Quelle
69%
E Fluss mit Quelle in Holzwickede, welcher durch Dortmund, Castrop-Rauxel und Gelsenkirchen fließt und in Dinslaken in den Rhein mündet Emscher
68%
S Bekanntestes Bergarbeiterlied Steigerlied
68%
R Name des Stadions von VfL Bochum Ruhrstadion
67%
H Bezeichnung für aufgeschüttete Erdhügel aus dem Bergbau, welche als Naherholungsgebiete dienen Halde
65%
W Stadt, welche 1974 an Bochum angeschlossen wurde Wattenscheid
63%
M Das "M" in MSV Duisburg, Stadtteil Meiderich
60%
A Offizielle Bezeichnung für den Ruhrschnellweg, welcher von Dortmund nach Moers das Ruhrgebiet durchquert A40
54%
P Künstliches Gewässer im Südosten Dortmunds, welches auf dem Gelände eines demontierten Stahlwerks angelegt wurde Phoenixsee
51%
N Wappentier des Dortmunder Konzerthauses. Skulpturen dieses Tieres finden sich im ganzen Stadtgebiet Nashorn
42%
V Wohn- und Repräsentationssitz der Besitzer der Vorgängerfirma von #T im Süden Essens Villa Hügel
42%
F Renommiertes Kunstmuseum in Essen Folkwang-Museum
39%
L Stadtteil im äußersten Osten von Bochum Langendreer
33%
I Fußball-Torhüter, welcher zwischen 1976 und 1986 für Borussia Dortmund und in der Nationalelf spielte Eike Immel
29%
Y Burgruine und Kasino im Süden Dortmunds an der Ruhr (enthält ein y) Hohensyburg
26%
X Bezeichnung für die Nahverkehrszuglinie Hamm-Aachen (enthält ein x) RRX 1
24%
J Herzogtum, welches im 16. Jahrhundert große Teile des Ruhrgebiets beherrschte Jülich-Kleve-Berg
16%
Keine übereinstimmenden Quizze gefunden
Verteilung der Resultate
Anzahl Personen mit jedem Resultat
Perzentil nach korrekt beantworteten Fragen
Ihre Resultats-Entwicklung
Sie haben dieses Quiz noch nicht gespielt